000 00370 a2200121 4500
999 _c224
_d224
003 NUST
005 20170511165746.0
008 170511b xxu||||| |||| 00| 0 eng d
020 _a0803956622
040 _cNUST
082 _a300.722 YIN
100 _aYin, Robert k.
_9388
245 _aCase Study Reseaerch Design and Methods
_cRobert K. Yin
250 _a2nd ed.
260 _aLondon : New Delhi
_bSage publications
_c1994
300 _axvii, 171p. :
_bill., ;
_c23 cm
650 _aCase Study Research : design and methods
_9389
942 _2ddc
_cBK